| 000 | 00399nam a22001457a 4500 | ||
|---|---|---|---|
| 003 | OSt | ||
| 008 | 260325b |||||||| |||| 00| 0 eng d | ||
| 020 | _a8175310936 | ||
| 082 | _a509.54 DHI | ||
| 100 | _aDHARAMPAL | ||
| 245 | _aIndian Science and Technology in the 18th Century Dharampal Classics Series 2 | ||
| 260 |
_aBengaluru _bRashtrotthana Sahitya _c2025 |
||
| 300 | _a299p | ||
| 942 |
_2ddc _cREF |
||
| 999 |
_c13897 _d13897 |
||